| 000 | 00434 a2200157 4500 | ||
|---|---|---|---|
| 020 | _a9788132106258 | ||
| 024 | _a9788132106258 | ||
| 082 | _a658.3 | ||
| 090 |
_c7020 _d7020 |
||
| 100 | _aYork,Kenneth M. | ||
| 245 |
_aApplied Human Resource Management. _bStrategic Issues and Experiential Exercises. _cKenneth M.York |
||
| 260 |
_aNew Delhi _bSAGE _c2010 |
||
| 300 | _a409p. | ||
| 500 | _aPaper Cover | ||
| 942 |
_aNBS _cBK _k658.3 YOR |
||
| 999 |
_c349353 _d349353 |
||